Thơ Tản Đà - những lời bình

Wedi'i Gadw mewn:
Manylion Llyfryddiaeth
Prif Awdur: Vũ Ngọc Phan...[et al.]
Fformat: Llyfr
Iaith:Undetermined
Cyhoeddwyd: Hà Nội VHTT 2000
Pynciau:
Tagiau: Ychwanegu Tag
Dim Tagiau, Byddwch y cyntaf i dagio'r cofnod hwn!
Thư viện lưu trữ: Trung tâm Học liệu Trường Đại học Cần Thơ
LEADER 00519nam a2200169Ia 4500
001 CTU_36274
008 210402s9999 xx 000 0 und d
082 |a 809 
082 |b Th460 
100 |a Vũ Ngọc Phan...[et al.] 
245 0 |a Thơ Tản Đà - những lời bình 
245 0 |c Vũ Ngọc Phan...[et al.] 
260 |a Hà Nội 
260 |b VHTT 
260 |c 2000 
650 |a vietnamese poetry - 20th century - history and criticism 
980 |a Trung tâm Học liệu Trường Đại học Cần Thơ